| 000 | 00714cam a2200205 4500 | ||
|---|---|---|---|
| 001 | WB3547-43 | ||
| 008 | 000000n1999 000 0 eng u | ||
| 035 | _a(Sirsi) u103002 | ||
| 245 | _aRents hold up | ||
| 260 | _c1999 | ||
| 490 |
_aEstates Gazette _v(9947) 27 November 1999, 140(1) |
||
| 520 | _aResearch by Carter Jonas shows that farm business tenancy (FBT) rents fell by only 1.9% compared to Michaelmas 1998, although Agricultural Holdings Act rents reviewed at Michaelmas 1999 mainly fell by between 10-20%. | ||
| 590 | _aWB | ||
| 650 | _aAGRICULTURAL RENTS | ||
| 650 | _aFARM RENTS | ||
| 650 | _aFARM BUSINESS TENANCY RENTS | ||
| 650 | _aCARTER JONAS | ||
| 690 | _aRURAL PRACTICE | ||
| 942 | _n0 | ||
| 999 |
_c61890 _d61890 |
||